Nitrogen fixation: fundamentals and applications (Current plant Science and biotechnology in agriculture), Vol 43

Gardado en:
Detalles Bibliográficos
Formato: Libro
Idioma:Undetermined
Publicado: Dordrecht Kluwer Academic Publishers 1995
Những chủ đề:
Các nhãn: Engadir etiqueta
Sen Etiquetas, Sexa o primeiro en etiquetar este rexistro!
Thư viện lưu trữ: Trung tâm Học liệu Trường Đại học Cần Thơ
LEADER 00536nam a2200157Ia 4500
001 CTU_38546
008 210402s9999 xx 000 0 und d
082 |a 631.847 
082 |b N728 
245 0 |a Nitrogen fixation: fundamentals and applications (Current plant Science and biotechnology in agriculture), Vol 43 
260 |a Dordrecht 
260 |b Kluwer Academic Publishers 
260 |c 1995 
650 |a biofertilizers,nitrogen - fixing plants 
904 |i Liên, 990423 
980 |a Trung tâm Học liệu Trường Đại học Cần Thơ